| 000 | 00426nam a2200169Ia 4500 | ||
|---|---|---|---|
| 003 | GCL | ||
| 008 | 140319s9999 xx 000 0 eng d | ||
| 040 |
_aGCL / _cGCL |
||
| 082 | 0 | 4 |
_a304.4 _bH S |
| 100 | 1 | _aHAMNETT, CHRIS | |
| 245 | 1 | 0 |
_aSOCIAL GEOGRAPHY: A READER / _cHAMNETT, CHRIS |
| 260 |
_a[S.N] : _bARNOLD PUBLISHERS ، _c1996 |
||
| 300 | _a372 P | ||
| 650 | 0 | 4 | _aWOMEN |
| 650 | 0 | 4 | _aHUMAN GEOGRAPHY |
| 942 |
_2ddc _cBK |
||
| 999 |
_c13350 _d13350 |
||